000 01346nam a22003737a 4500
003 CHAP
005 20220329133053.0
008 971013s1990 r 00010 d
010 _a1831
011 _a2803
035 _a2003
040 _cCHAP
090 _aTesis
100 0 0 _aBarbosa López, José Sergio.
_910122
245 _aCálculo de la capacidad de endeudamiento de productores de papa (Solanum tuberosum L.) del municipio de San Felipe del Progreso, México
260 _aChapingo, Méx. :
_bEl Autor,
_c1990
300 _a82 h.
_b: ilus. ; gráfs.
500 _aD43-109
502 _aTesis (Ing. Agr. Esp. en Fitotecnia) -- UACH. Departamento de Fitotecnia
590 _aALEPH
_b10
_c20130110
_lUCH01
_h1209
590 _aBATCH-UPD
_b10
_c20130110
_lUCH01
_h0110
590 _aBATCH-UPD
_b10
_c20130110
_lUCH01
_h2125
590 _aBATCH-UPD
_b10
_c20130409
_lUCH01
_h2101
590 _aBATCH-UPD
_b10
_c20130410
_lUCH01
_h1434
590 _aBATCH-UPD
_b10
_c20130914
_lUCH01
_h0536
590 _aBATCH-UPD
_b10
_c20130914
_lUCH01
_h2128
590 _aCONVERSION
_b10
_c20130109
_lUCH01
_h1302
650 1 4 _aCrédito agrícola
_xMéxico (Edo.)
_929067
650 1 4 _aPapa
_xAspectos económicos.
_985173
650 1 4 _aPapa
_xCostos de producción.
_985212
901 _aBK
942 _cTESIS
949 _bBC
_cTES
_d-11498
_eTS1
_h23562
_i2003
_si
999 _c1831
_d1831